Know-how poradenstva
Finančné poradenstvo ako služba. Práca finančného poradcu na stretnutí s klientom. Finančná analýza. Zosúladenie finančných produktov. Finančný plán. Servis u klienta.
Gespeichert in:
| 1. Verfasser: | |
|---|---|
| Format: | Buchkapitel |
| Sprache: | Slowakisch |
| Schlagworte: | |
| Tags: |
Keine Tags, Fügen Sie das erste Tag hinzu!
|
MARC
| LEADER | 00000naa$a2200000$$$4500 | ||
|---|---|---|---|
| 001 | 0048078 | ||
| 005 | 20231019083918.0 | ||
| 041 | 0 | |a slo | |
| 044 | |a SK | ||
| 245 | 1 | 0 | |a Know-how poradenstva |c Stanislav Jendrišák |
| 520 | |a Finančné poradenstvo ako služba. Práca finančného poradcu na stretnutí s klientom. Finančná analýza. Zosúladenie finančných produktov. Finančný plán. Servis u klienta. | ||
| 610 | 2 | 0 | |a poradcovia finanční |
| 610 | 2 | 0 | |a poradenstvo finančné |
| 610 | 2 | 0 | |a plán finančný |
| 610 | 2 | 0 | |a analýza finančná |
| 610 | 2 | 0 | |a služby finančné |
| 610 | 2 | 0 | |a služby poradenské |
| 610 | 2 | 0 | |a klienti |
| 100 | 1 | |a Jendrišák, Stanislav | |